Martin Scorsese Movies - Statistics

General Stats
  • This quiz has been taken 809 times
    750 since last reset
  • The average score is 19 of 26
Answer Stats
Year of Release Film % Correct
1990 Goodfellas
94%
1976 Taxi Driver
94%
2019 The Irishman
93%
2023 Killers of the Flower Moon
91%
2013 The Wolf of Wall Street
91%
2006 The Departed
90%
1980 Raging Bull
87%
1995 Casino
86%
2010 Shutter Island
85%
2004 The Aviator
82%
2002 Gangs of New York
80%
2011 Hugo
78%
1973 Mean Streets
78%
2016 Silence
75%
1982 The King of Comedy
73%
1991 Cape Fear
70%
1988 The Last Temptation of Christ
66%
1985 After Hours
63%
1993 The Age of Innocence
58%
1977 New York, New York
57%
1974 Alice Doesn't Live Here Anymore
54%
1997 Kundun
54%
1986 The Color of Money
52%
1972 Boxcar Bertha
51%
1999 Bringing Out the Dead
50%
1967 Who's That Knocking at My Door
41%
No matching quizzes found
Score Distribution
Percent of People with Each Score
Percentile by Number Answered
Your Score History
You have not taken this quiz since the last reset